| 000 | 00858nam a2200301 a 4500 | ||
|---|---|---|---|
| 001 | vtls000303800 | ||
| 003 | NLI | ||
| 005 | 20210602134350.0 | ||
| 008 | 101203s1974 ii 000 0 eng | ||
| 020 | _cRs. 5.00 (pbk.) | ||
| 039 | 9 |
_y201012032038 _zVLOAD |
|
| 040 |
_aNLI _beng _cRetro_DSC 1 _eAACR2 |
||
| 041 | 0 | _aeng | |
| 044 | _aii | ||
| 082 | 0 | 4 | _a301.155 |
| 245 | 0 | 0 | _aHow you can conduct a small leadership group |
| 260 |
_aAllahabad : _bBetter Yourself Books, _c1974 |
||
| 300 |
_a146 p. ; _c18 cm. |
||
| 650 | 0 |
_aLeadership _94839 |
|
| 650 | 0 |
_aOrganization _960850 |
|
| 650 | 0 | _aExecutive ability | |
| 710 | 2 |
_aBetter Yourself Books(Allahabad, India) _4pbl _9474525 |
|
| 887 | _a | ||
| 901 |
_aDB26577 _b15.01.1975 |
||
| 902 | _aE 301.155 H 83 | ||
| 949 |
_AVIRTUAITEM _D10000 _X100 _6DBA000026577ENG |
||
| 942 |
_2ddc _cBKS |
||
| 999 |
_aVIRTUA40 _c264591 _d264591 |
||